000 00691cam a22002171 4500
001 sa 67000855
003 DLC
005 20260227112318.0
008 740123s1966 ii 00010 eng
010 _asa 67000855 //r88
025 _aPL480:I-E-7067
050 0 _aH62
_b.T47
082 _a301.018
100 1 0 _aThoothi, Noshirwan Ardeshir.
245 1 0 _aMethods of social research,
_c[by] N. A. Thoothi.
260 0 _aBombay,
_bPopular Prakashan
_c[1966]
300 _a66 p.
_c23 cm.
350 _aRs9.50
500 _a"Forms Part II (on method) of ... The Vaishnavas of Gujarat ... accepted for the D. Phil. of the Oxford University in 1924."
650 0 _aSocial sciences
_xResearch.
999 _c72253
_d72253